Countries with Deadly Tornadoes - Statistics

General Stats
  • This quiz has been taken 50 times
  • The average score is 28 of 42
Answers on the Map
Answers color-coded by a green-red scale on the quiz's map according to % correct below.
 
Answer Stats
Answer % Correct
United States
100%
Canada
93%
Russia
89%
China
86%
India
86%
Brazil
84%
Australia
82%
France
82%
Germany
80%
Japan
77%
Argentina
75%
Italy
75%
Poland
75%
Spain
75%
United Kingdom
73%
Mongolia
70%
Portugal
70%
Bangladesh
68%
Ukraine
68%
Austria
66%
Belarus
66%
Belgium
64%
Chile
64%
Czechia
64%
Netherlands
64%
Romania
64%
Cuba
61%
New Zealand
61%
Turkey
61%
Greece
59%
Hungary
59%
Switzerland
59%
Bulgaria
57%
Paraguay
57%
Serbia
57%
South Africa
57%
Uruguay
57%
Croatia
55%
Estonia
48%
Georgia
32%
Cyprus
27%
Tunisia
16%
No matching quizzes found
Score Distribution
Percent of People with Each Score
Percentile by Number Answered
Your Score History
You have not taken this quiz